En busca de un mundo mejor... : una reflexión desde América Latina /

El autor plantea una reflexión de la situación socio-económica latinoamericana, a partir de los desafíos de la globalización. Para ello, se dialoga críticamente con algunos postulados del economista y filósofo Karl Popper, en particular, sobre su punto de vista de las sociedades abiertas

Gorde:
Xehetasun bibliografikoak
Egile nagusia: Rosa, Borjas, German R.
Formatua: Texto
Gaiak:
Etiketak: Etiketa erantsi
Etiketarik gabe, Izan zaitez lehena erregistro honi etiketa jartzen!

MARC

LEADER 00000 a a2200000 04500
001 13297
003
040
100 |a Rosa, Borjas, German R.  
245 |a En busca de un mundo mejor... :   |b una reflexión desde América Latina /  |c German R. Rosa, Borjas 
520 |a El autor plantea una reflexión de la situación socio-económica latinoamericana, a partir de los desafíos de la globalización. Para ello, se dialoga críticamente con algunos postulados del economista y filósofo Karl Popper, en particular, sobre su punto de vista de las sociedades abiertas  
650 |a ETICA  
650 |a GLOBALIZACION  
650 |a DESIGUALDAD SOCIAL  
650 |a AMERICA LATINA  
773 |g número 116; páginas 305-338  
999 |c 22032  |d 22032